المعجم القانوني : (Record no. 24870)
[ view plain ]
| 000 -الفاتح | |
|---|---|
| حقل البيانات ثابتة الطول | 01517nam a22003015a 4500 |
| 003 - محدد رقم الضبط | |
| رقم الضبط | OSt |
| 005 - وقت وتاريخ اخر تعامل مع التسجيلة | |
| رقم الضبط | 20170523133156.0 |
| 008 - عناصر البيانات ثابتة الطول - معلومات عامة | |
| حقل البيانات ثابتة الطول | 170523r20121983le frd 000 0 ara d |
| 020 ## - الرقم الدولى المعيارى للكتب | |
| الرقم الدولى المعيارى للكتاب | 9953101299 |
| 020 ## - الرقم الدولى المعيارى للكتب | |
| الرقم الدولى المعيارى للكتاب | 9789953101293 |
| 040 ## - مصدر الفهرسة | |
| وكالة الفهرسة الأصلية | EG-ScBUE |
| لغة الفهرسة | ara |
| وكالة النسخ | EG-ScBUE |
| وكالة التعديل | EG-ScBUE |
| 041 0# - رمز اللغة | |
| رمز لغة النص/ المسارات الصوتية أو العنوان الانفرادي | eng |
| -- | ara |
| 082 04 - رقم تصنيف ديوى العشرى | |
| رقم الطبعة | 22 |
| رقم التصنيف | 340.03 |
| رقم المادة | ف ا ر |
| 100 1# - المدخل الرئيسى - إسم شخصى | |
| الإسم الشخصى | فاروقي، حارث سليمان. |
| 245 12 - بيان العنوان | |
| العنوان | المعجم القانوني : |
| بقية العنوان | عربي - إنكليزي : يشتمل على مصطلحات الفقه القديم والحديث والطب الشرعي والتجارة والبنوك والتأمين والدبلوماسية وقوانين البترول والطيران المدني / |
| بيان المسئوليه,etc | تأليف حارث سليمان الفاروقي. |
| 246 35 - العنوان الموازى | |
| عنوان صحيح/عنوان مختصر | Faruqi's law dictionary : |
| بقية العنوان | Arabic-English : containing terms of jurisprudence (ancient and modern), forensic medicine, commerce, banking, insurance, civil aviation, diplomacy and petroleum |
| 246 3# - العنوان الموازى | |
| عنوان صحيح/عنوان مختصر | المعجم القانوني : |
| بقية العنوان | عربي - إنجليزي |
| 250 ## - بيان الطبعة | |
| بيان الطبعة | إعادة ط. |
| 260 ## - PUBLICATION, DISTRIBUTION, ETC. (IMPRINT) | |
| مكان الناشر او الموزع | بيروت : |
| اسم الناشر او الموزع | مكتبة لبنان ناشرون، |
| تاريخ النشر أو التوزيع | 2012. |
| 300 ## - الوصف المادى | |
| التعداد | 380 ص. ؛ |
| أبعاد الوعاء | 24 سم. |
| 500 ## - تبصرة عامة | |
| تبصرة عامة | إعادة طبع للطبعة الثانية المنقحة المزيدة لسنة 1983. |
| 650 #7 - المدخل الاضافى بالموضوع-مصطلح موضوعى | |
| مصدر الرأس أو المصطلح | BUEsh |
| مصطلح موضوعي أو اسم جغرافي كعنصر مدخل | القانون |
| التقسيم الفرعي الشكلي | معاجم. |
| 650 #7 - المدخل الاضافى بالموضوع-مصطلح موضوعى | |
| مصدر الرأس أو المصطلح | BUEsh |
| مصطلح موضوعي أو اسم جغرافي كعنصر مدخل | القانون |
| التقسيم الفرعي الشكلي | معجم مصطلحات. |
| 650 #7 - المدخل الاضافى بالموضوع-مصطلح موضوعى | |
| مصطلح موضوعي أو اسم جغرافي كعنصر مدخل | القانون |
| التقسيم الفرعي الشكلي | مصطلحات. |
| مصدر الرأس أو المصطلح | BUEsh |
| 651 ## - المدخل الاضافى بالموضوع - اسم جغرافى | |
| مصدر الرأس أو المصطلح | BUEsh |
| 653 ## - مصطلح تكشيفى غير مقيد | |
| Resource For college | |
| -- | Generalities |
| Arrived date list | May2017 |
| 942 ## - عناصر المدخل الإضافي( كوها) | |
| مصدر التصنيف او مخطط الترفيف | Dewey Decimal Classification |
| حالة التراجع | حالة الفقد | مصدر التصنيف او خطة الترفيف | حالة تلف | ليس للاعارة | مجموعات كوها | المكان الدائم | المكان الحالي | موقع الترفيف | تاريخ الاكتساب | Source of acquisition | سعر الشراء الطبيعي | تعداد مسلسل / التسلسل الزمني | رقم الاستدعاء | الباركود | Date last seen | مُعار | التكلفة | نوع الوعاء |
|---|---|---|---|---|---|---|---|---|---|---|---|---|---|---|---|---|---|---|
| Dewey Decimal Classification | sphinx | Central Library | Central Library | First floor | 23/05/2017 | Purchase | 110.00 | 71067 | 340.03 ف ا ر | 000041882 | 24/08/2022 | 04/08/2021 | 138.00 | Reference (NB) |